|
|
|
|
| LEADER |
00579cam a2200169 7i4500 |
| 001 |
0000002620 |
| 005 |
19991025090000.0 |
| 002 |
##000003858 |
| 020 |
0 |
0 |
|a T000003822
|
| 090 |
0 |
0 |
|a REF38000.6
|b EXP
|
| 245 |
0 |
0 |
|a Exporters' yellow pages 1993-94.
|
| 250 |
0 |
0 |
|a 3rd. ed..
|
| 260 |
0 |
0 |
|a New Delhi:
|b Infocom Network Ltd.,1993.
|
| 300 |
0 |
0 |
|a 395p.
|
| 500 |
0 |
0 |
|a This book provides more than 15,000 addresses of exporters, suppliers in 209 categories in India, and the entries are listed by industry categories.
|
| 650 |
0 |
0 |
|a Exports
|
| 999 |
|
|
|a 000004144
|b Book
|c Open shelf
|e Business Information Centre
|